000 00253nam a2200097Ia 4500
001 1229270
005 20250827093058.0
008 250824s9999 xx 000 0 und d
245 0 _aDOKTOR
_cJOSHUA SPANOGLE
260 _bPANAMA YAYINLARI
999 _c1229270
_d1229270